| 000 | 00514nam a22001937a 4500 | ||
|---|---|---|---|
| 003 | OSt | ||
| 005 | 20140310182152.0 | ||
| 008 | 130830t xxu||||| |||| 00| 0 eng d | ||
| 020 | _a9780752534886 | ||
| 050 |
_aND 547 _b.C973 2000 |
||
| 082 |
_aHS 743 _bC74 2000 |
||
| 100 |
_aCunningham, Antonia _915790 |
||
| 245 |
_aEssential Impressionists / _cAntonia Cunningham. |
||
| 260 |
_aUK : _bParragon, _c2000. |
||
| 300 |
_a254 p. ; _bill. col. ; _c30 cm. |
||
| 650 |
_aArts _97159 |
||
| 942 | _2lcc | ||
| 999 |
_c10025 _d10025 |
||